| 000 | 00303nam a22000977a 4500 | ||
|---|---|---|---|
| 999 |
_c10590 _d10590 |
||
| 008 | 180219b ||||| |||| 00| 0 eng d | ||
| 020 | _a9788121939812 | ||
| 100 |
_aMehrotra, D _92847 |
||
| 245 |
_aImplementry six sigma in education _bTowards TQM in Academics |
||
| 260 |
_aNew Delhi _bS, Chand Publication _c2012 |
||